000 00848nas a2200277 4500
001 BR0603251
003 BR-BrBNA
005 20231205110154.0
007 ta
008 230509b bl.|||p| |||| 00| 00por d
040 _aBR-BrBNA
_bpor
_cBiblioteca Nacional de Agricultura
041 _a(Pt)
072 _aF01; F02
100 1 _aErig, A.C.
100 1 _aSchuch, M.W.
245 1 _aTipo de luz na multiplicação in vitro de framboeseira (Rubus idaeus L.)'Batum'
650 _aFRAMBOESA
650 _aVARIEDADE
650 _aCULTURA DE TECIDO
650 _aCULTURA IN VITRO
650 _aILUMINAÇÃO ARTIFICIAL
650 _aMICROPROPAGAÇÃO
773 0 _tRevista Brasileira de Fruticultura (Brazil)
_xISSN 0100-2945
_g(Dec 2005), v. 27(3) p. 488-490
_wBR0603251
909 _a202311
_bLúcia
_c55
_dLúcia Elande
942 _2AGRIS
_n0
_cANA
999 _c186421
_d186421